Učitavanje...
Mahasweta /
| Glavni autor: | |
|---|---|
| Jezik: | Undetermined |
| Izdano: |
Chennai :
East West Books ,
2005.
|
| Teme: |
| LEADER | 00531nam a2200157Ia 4500 | ||
|---|---|---|---|
| 001 | 157375 | ||
| 008 | 170722s9999 xx 000 0 und d | ||
| 020 | |a 8188661252 | ||
| 100 | |a Murty, Sudha | ||
| 245 | |a Mahasweta / | ||
| 260 | |a Chennai : |b East West Books , |c 2005. | ||
| 653 | |a Tamil Literature | ||
| 923 | |d 20080829 |n MBC-1469/0 | ||
| 942 | |c GEN | ||
| 999 | |c 137682 |d 137682 | ||
| 952 | |0 0 |1 0 |4 0 |6 O_333N50M_P5P51 |7 0 |9 194578 |a LIB |b LIB |d 2013-03-25 |e Modern Book Centre |l 1 |o O33,3N50,M -P5,-P5;1 |p 268767 |r 2019-09-30 |s 2019-09-27 |v 150.00 |w 2017-08-12 |y GEN | ||